MARC
|
|
|
|
| LEADER |
00000nam0a2200000 4500 |
| 001 |
262492 |
| 005 |
20231101233646.0 |
| 010 |
|
|
|a 5110001065
|
| 035 |
|
|
|a (RuTPU)RU\TPU\book\285475
|
| 090 |
|
|
|a 262492
|
| 100 |
|
|
|a 20140602d1988 km y0rusy50 ca
|
| 101 |
0 |
|
|a rus
|
| 102 |
|
|
|a UA
|
| 105 |
|
|
|a a z 001zy
|
| 200 |
1 |
|
|a Экономика гибких производственных систем
|f Н. Н. Скворцов
|
| 210 |
|
|
|a Киев
|c Выща школа
|d 1988
|
| 215 |
|
|
|a 54 с.
|c ил.
|
| 225 |
1 |
|
|a Новое в технике студентам и учащимся
|
| 320 |
|
|
|a Библиогр.: с. 52-53.
|
| 606 |
1 |
|
|a Машиностроение
|x Гибкие производственные системы (ГПС)
|2 stltpush
|3 (RuTPU)RU\TPU\subj\73403
|9 86427
|
| 610 |
1 |
|
|a автоматизированные системы
|
| 610 |
1 |
|
|a автоматизированные системы управления производством
|
| 610 |
1 |
|
|a ГПС
|
| 610 |
1 |
|
|a автоматизация
|
| 610 |
1 |
|
|a роботизация
|
| 610 |
1 |
|
|a экономическая эффективность
|
| 610 |
1 |
|
|a робототехника
|
| 610 |
1 |
|
|a робототехнические системы
|
| 675 |
|
|
|a 658.002:658.52
|v 3
|
| 700 |
|
1 |
|a Скворцов
|b Н. Н.
|g Николай Никанорович
|
| 801 |
|
1 |
|a RU
|b 63413507
|c 20140602
|
| 801 |
|
2 |
|a RU
|b 63413507
|c 20150507
|g RCR
|
| 942 |
|
|
|c BK
|